Ignace Spencer et la renaissance du catholicisme en Angleterre 1828-1872 / (Record no. 158434)

MARC details
000 -LEADER
campo de control de longitud fija 00644nam a22001695i 4500
001 - NÚMERO DE CONTROL
campo de control 158434
003 - IDENTIFICADOR DE NÚMERO DE CONTROL
campo de control ES-MaACL
005 - FECHA Y HORA DE LA ÚLTIMA TRANSACCIÓN
campo de control 20251015063141.0
008 - DATOS DE LONGITUD FIJA--INFORMACIÓN GENERAL
campo de control de longitud fija 040831s1873 fr |||| | fre d
040 ## - FUENTE DE CATALOGACIÓN
Centro catalogador/agencia de origen CAM
Lengua de catalogación spa
Centro/agencia transcriptor CAM
100 1# - ENTRADA PRINCIPAL--NOMBRE DE PERSONA
Nombre de persona Madaune, Jean-Michel de,
Títulos y otros términos asociados al nombre Abbé
9 (RLIN) 129316
245 10 - MENCIÓN DEL TÍTULO
Título Ignace Spencer et la renaissance du catholicisme en Angleterre 1828-1872 /
Mención de responsabilidad, etc. par l'abbé de Madaune.
260 ## - PUBLICACIÓN, DISTRIBUCIÓN, ETC.
Lugar de publicación, distribución, etc. Paris :
Nombre del editor, distribuidor, etc. Charles Douniol libraire-éditeur :
-- Librairie Générale,
Fecha de publicación, distribución, etc. 1873 (
Lugar de fabricación/manufactura Clichy :
Fabricante Impr. Paul Dupont)
300 ## - DESCRIPCIÓN FÍSICA
Extensión 468 p. ;
Dimensiones 18 cm.
852 ## - LOCALIZACIÓN
Ubicación ES-MaACL
Número de control de estantería F-10326
Nota libre -- Enc. pasta española
Holdings
Estatus retirado Estado de pérdida Estado de daño No para préstamo Colección Biblioteca de origen Biblioteca actual Ubicación en estantería Fecha de adquisición Fuente de adquisición Total de préstamos Signatura topográfica completa Código de barras Visto por última vez Precio de reemplazo Tipo de ítem Koha
        Libros del s. XIX Biblioteca del Ateneo de Madrid Biblioteca del Ateneo de Madrid Sala Pecera Planta 2 17/01/2008     F-10326 1165820 23/02/2023 23/02/2023 Libro impreso antiguo